000 00503nam a2200181Ia 4500
008 100920s9999 xx 000 0 und d
082 _b94178
_a891.463.1 न 06
100 _aपै शिरीष.
245 _aभवसागर.
260 _bमनोरमा,मुंबई.
_c2006
300 _a176
_bसाधी
365 _b200
520 _aलघुकथा.
630 _aभवसागर.
650 _aलघुकथा.
730 _aभवसागर.
942 _cBOOK
999 _c734621
_d734618